| 000 | 00739 a2200217 4500 | ||
|---|---|---|---|
| 003 | Nust | ||
| 005 | 20230202075808.0 | ||
| 010 | _a 2011025116 | ||
| 020 | _a9780073380575 (alk. paper) | ||
| 040 | _cNust | ||
| 082 | 0 | 0 | _a621.31924,ALE |
| 100 | 1 |
_aAlexander, Charles K. _983822 |
|
| 245 | 1 | 0 |
_aFundamentals of electric circuits / _cCharles K. Alexander, Matthew N. O. Sadiku. |
| 250 | _a3rd ed. | ||
| 260 |
_aNew York, NY : _bMcGraw-Hill, _cc2013. |
||
| 300 |
_axxii, 905, [64] p. : _bill. (chiefly col.) ; _c27 cm. |
||
| 505 | _aPart.1 DC Circuits (Page-2), Part.2 AC Circuits (Page-368), Part.3 Advanced Circuit Analysis (Page-674). | ||
| 650 | 0 |
_aElectric circuits. _910997 |
|
| 700 | 1 | _aSadiku, Matthew N. O. | |
| 942 |
_2ddc _cBK |
||
| 999 |
_c194872 _d194872 |
||